000 00658nam a2200205Ia 4500
003 IN-BaIIA
008 211028s9999 xx 000 0 eng d
020 _a0-07-045269-5
040 _cIIA Library
080 _a030:5
_bDAR
245 0 _aMcGraw-Hill dictionary of scientific and technical terms
_cedited by Sybil P. Parker
250 _a3rd ed
260 _aNew York
_bMcGraw-Hill
_c1974
300 _axv, 1781p.
650 _aDictionaries-Science and Technology
_913499
650 _aNASA Thesaurus
650 _aScience and Technology Dictionary
_913500
700 _aParker, Sybil P., ed.
_913089
942 _cBK
999 _c8004
_d8004